Conciliación y empleabiblidad : informe final / elaborado por Carmen Domínguez Alcón informe final / elaborado por Carmen Domínguez Alcón
ISBN:
84-9803-021-8
Publicado:
Barcelona :
Universitat de Barcelona. Departament de Sociologia i Anàlisi de les Organitzacions ,
2004
Descripción Física:
123 p. ; 29 cm
MARC
| LEADER | 00000nam a2200000Ia 4500 | ||
|---|---|---|---|
| 001 | 17628 | ||
| 008 | 160829s2004 xx 000 0 cat d | ||
| 020 | |a 84-9803-021-8 | ||
| 080 | |a M-5-201 | ||
| 100 | |a Domínguez-Alcón, Carmen |9 49556 | ||
| 245 | |a Conciliación y empleabiblidad : |b informe final / elaborado por Carmen Domínguez Alcón | ||
| 260 | |a Barcelona : |b Universitat de Barcelona. Departament de Sociologia i Anàlisi de les Organitzacions, |c 2004 | ||
| 300 | |a 123 p. ; |c 29 cm | ||
| 590 | |a A la portada: Diputació de Barcelona ; Elionor | ||
| 650 | |a Treball i família |x Espanya |9 27708 | ||
| 650 | |a Mediació familiar |x Espanya |9 27709 | ||
| 710 | 2 | |a Elionor (Programa) |9 53919 | |
| 901 | |a Arxiu | ||
| 942 | |n 1 | ||
| 952 | |0 0 |1 0 |4 0 |6 M5201 |7 1 |9 44516 |a Arxiu |b Arxiu |d 2016-12-01 |l 0 |o M-5-201 |p 17628 |r 2016-12-01 00:00:00 |w 2016-12-01 |y ARXIU | ||
| 999 | |c 47097 |d 47097 | ||